000 00793nmm a2200253 a 4500
001 ocm000787922
003 TR-IsHL
005 20201028152833.0
008 150709s1961 tu tur
007 cr cn
035 _a787922
_b(N$T)
050 0 4 _aK370
_b.T67 1961
090 0 4 _aK370
_b.T67 1961
100 1 _aTopçuoğlu, Hamide
245 1 0 _aXIX. Yüzyıl sosyologlarında hukuk anlayışı
_h[electronic resource] /
_cHamide Topçuoğlu
260 _aAnkara :
_bAnkara Üniversitesi Hukuk Fakültesi,
_c1961
300 _a258 p.
650 4 _aHukuk
650 4 _aLaw
650 0 _aHukuk sosyolojisi
650 0 _aSociology of law
650 7 _aLAW / General
_2bisacsh
856 4 0 _uhttp://search.ebscohost.com/login.aspx?direct=true&scope=site&db=e011xww&AN=787922
999 _c11737
_d11737